The investigative brigade : hunting human rights criminals in post-Pinochet Chile /

Bibliographic Details
Main Author: Bonnefoy Miralles, Pascale, 1964- (Author)
Other Authors: Davidson, Russ (Translator)
Format: eBook
Language:English
Language Notes:Translated from the Spanish.
Published: Chapel Hill : The University of North Carolina Press, [2022]
Series:Latin America in translation/en traducción/em tradução.
Subjects:
Online Access:Connect to the full text of this electronic book

MARC

Tag First Indicator Second Indicator Subfields
LEADER 00000nam a22000001i 4500
001 in00005631021
006 m |o d |
007 cr |n|||||||||
008 240918s2022 ncu ob 000 0 eng d
005 20250331130539.5
020 |a 9798890861252 (electronic bk.) 
020 |z 9781469670157 
020 |z 1469670151 
020 |z 9781469670164 
020 |z 146967016X 
035 |a (NhCcYBP)jstor22573/CTV2VHKH2H 
040 |a NhCcYBP  |c NhCcYBP 
041 1 |a eng  |h spa 
043 |a s-cl--- 
050 4 |a HV6322.3.C5  |b B6613 2022 
082 0 4 |a 362.88/9310983  |2 23/eng/20220608 
100 1 |a Bonnefoy Miralles, Pascale,  |d 1964-  |e author. 
240 1 0 |a Cazar al cazador.  |l English 
245 1 4 |a The investigative brigade :  |b hunting human rights criminals in post-Pinochet Chile /  |c Pascale Bonnefoy Miralles ; translated by Russ Davidson. 
246 3 0 |a Hunting human rights criminals in post-Pinochet Chile 
264 1 |a Chapel Hill :  |b The University of North Carolina Press,  |c [2022] 
300 |a 1 online resource. 
336 |a text  |b txt  |2 rdacontent 
337 |a computer  |b c  |2 rdamedia 
338 |a online resource  |b cr  |2 rdacarrier 
490 1 |a Latin America in translation/en traducción/em tradução 
500 |a Description based on print version record. 
500 |a Originally published as Cazar al cazador : detective tras criminales de lesa humanidad, © 2018, Penguin Random House Grupo Editorial, S.A. : Santiago, Chile. 
504 |a Includes bibliographical references. 
546 |a Translated from the Spanish. 
505 0 |a Preface -- Lost in Frisia -- Making enemies -- The CACI's men -- Lifting the veil -- A career officer as director -- On the hunt for Fatso Romo -- Fugitive in Paraguay -- Moving the boundaries -- A prison for two -- In search of a permanent uncle -- Epilogue. 
588 |a Description based on print version record. 
650 0 |a Political crimes and offenses  |z Chile. 
650 0 |a Political persecution  |z Chile. 
650 0 |a Crimes against humanity  |z Chile. 
650 0 |a Human rights  |z Chile. 
650 0 |a Criminal investigation  |z Chile. 
655 7 |a Electronic books.  |2 local 
700 1 |a Davidson, Russ,  |e translator. 
776 1 8 |i ebook version :  |z 9781469670188 
776 1 8 |c Original  |z 9781469670157  |z 1469670151  |z 9781469670164  |z 146967016X  |w (DLC) 2022015122 
830 0 |a Latin America in translation/en traducción/em tradução. 
856 4 0 |u http://proxy.library.tamu.edu/login?url=https://www.jstor.org/stable/10.5149/9781469670188_bonnefoymiralles  |z Connect to the full text of this electronic book  |t 0 
955 |a JSTOR DDA record 
999 f f |s 1d84da57-b7dc-41b6-ae10-659354084990  |i 2f69dc60-2976-460f-b8d1-cfa95fa00752  |t 0 
952 f f |a Texas A&M University  |b College Station  |c Electronic Resources  |d Available Online  |t 0  |e HV6322.3.C5 B6613 2022  |h Library of Congress classification 
998 f f |a HV6322.3.C5 B6613 2022  |t 0  |l Available Online